Комплексная схема развития и размещения материально-технической базы строительства на территории РСФСР в разрезе автономных республик, краев и областей на период до 1990 года. Кн. 1 (Запись № 6056600)

Подробности
000 -МАРКЕР
контрольное поле 01867nam2a22002411 4500
001 - ИДЕНТИФИКАТОР ЗАПИСИ
контрольное поле rc\2182613
005 - ИДЕНТИФИКАТОР ВЕРСИИ
контрольное поле 20250623000415.0
035 ## - ДРУГИЕ СИСТЕМНЫЕ НОМЕРА
Идентификатор записи (NLR Aleph) 006483337
100 ## - ДАННЫЕ ОБЩЕЙ ОБРАБОТКИ
Данные общей обработки 20110829d1978 |||y0rusy50 ca
101 0# - ЯЗЫК РЕСУРСА
Язык текста, звукозаписи и т.д. русский
102 ## - СТРАНА ПУБЛИКАЦИИ ИЛИ ПРОИЗВОДСТВА
Страна публикации Российская Федерация
105 ## - ПОЛЕ КОДИРОВАННЫХ ДАННЫХ: ТЕКСТОВЫЕ МАТЕРИАЛЫ, МОНОГРАФИЧЕСКИЕ
Кодированные данные о монографическом текстовом документе a z |||||
200 0# - ЗАГЛАВИЕ И СВЕДЕНИЯ ОБ ОТВЕТСТВЕННОСТИ
Основное заглавие Кн. 1
210 ## - ПУБЛИКАЦИЯ, РАСПРОСТРАНЕНИЕ И ДР.
Дата издания, распространения и т.д. 1978
Место издания, распространения и т.д. Б. м.
215 ## - ФИЗИЧЕСКАЯ ХАРАКТЕРИСТИКА
Специфическое обозначение материала и объем [1], 243 с., 5 л. схем.
333 ## - ПРИМЕЧАНИЯ ОБ ОСОБЕННОСТЯХ РАСПРОСТРАНЕНИЯ И ИСПОЛЬЗОВАНИЯ
Текст примечания ДСП
461 #0 - УРОВЕНЬ НАБОРА
Встроенное поле 001rc\2182612
-- 2001#$aКомплексная схема развития и размещения материально-технической базы строительства на территории РСФСР в разрезе автономных республик, краев и областей на период до 1990 года$eШифр 3503-14$e[В 2 т.]$fГосстрой СССР, Гл. упр. по строит. проектированию пром. предприятий и сооружений, "Союзстромстройниипроект", Проект. ин-т № 2$iСвердловская область$vКн. 1
Системный номер (АБИС) связанной записи 7331630
Место публикации Москва
Дата публикации 1978
Первые сведения об ответственности Госстрой СССР, Гл. упр. по строит. проектированию пром. предприятий и сооружений, "Союзстромстройниипроект", Проект. ин-т № 2
Заглавие части Свердловская область
Имя издателя, распространителя и т.д. Б. и.
Сведения, относящиеся к заглавию Шифр 3503-14 : [В 2 т.]
Заглавие Комплексная схема развития и размещения материально-технической базы строительства на территории РСФСР в разрезе автономных республик, краев и областей на период до 1990 года
Номер тома Кн. 1
801 #0 - ИСТОЧНИК ЗАПИСИ
Страна Российская Федерация
Организация NLR
Правила каталогизации psbo
801 #1 - ИСТОЧНИК ЗАПИСИ
Страна Российская Федерация
Организация ELAR
Источник данных rusmarc
852 ## - МЕСТОНАХОЖДЕНИЕ И ШИФР ХРАНЕНИЯ
Идентификатор организации NLR
Шифр хранения (Call Number) 79-50К/1600
942 ## - ДОПОЛНИТЕЛЬНЫЕ ЭЛЕМЕНТЫ ЗАПИСИ (АБИС)
Тип экземпляра АБИС Книга
980 ## - КОЛЛЕКЦИЯ
Название коллекции Национальная библиография
Экземпляры
Тип экземпляра Дата поступления Библиотека постоянного хранения Библиотека текущего хранения Место хранения Шифр хранения Штрих-код Статус экземпляра
Книга 26.10.2013 РНБ (Московский) РНБ (Московский) Фонд литературы для служебного пользования 79-50К/1600 6483337-10